000 02693 a2200349 4500
001 OB-pur-135111
003 FrMaCLE
005 20251214082750.0
007 cu ||||||m||||
008 190827e||||||||xx |||||s|||||||||0|fr|d
020 _a978-2-7535-6919-5
024 7 _a10.4000/books.pur.135111
_2doi
040 _aFR-FrMaCLE
041 _afra
100 1 _aPalluau, Nicolas
245 1 3 _aLa fabrique des pédagogues :
_bEncadrer les colonies de vacances. 1919-1939 /
_cNicolas Palluau.
260 _aRennes :
_bPresses universitaires de Rennes,
_c2019.
300 _a344 p.
500 _aEbook
520 _a Le stage : entre les deux guerres, la formation des cadres scouts se diffuse aussi dans les colonies de vacances. Mais comment cette pratique inédite atteint-elle l’école ? Ce livre analyse la politique de formation d’une association, les Éclaireurs de France. Après le premier conflit mondial, ils reçoivent des Américains le château de Cappy (Picardie). Dans leur camp-école, chefs et cheftaines apprennent à dresser des tentes, animer des veillées et des exercices physiques. Ils bâtiront avec ferveur la cité fraternelle des jeunes campeurs pour préparer « des citoyens actifs, joyeux et utiles » (Baden-Powell). Si l’objectif est pédagogique, le camp est aussi un projet social. Il cherche les éducateurs dans tous les milieux où il est possible de recruter les élites. Par les écoles normales, l’instituteur-chef Éclaireur devient le pédagogue idéal. Cette socio-pédagogie rencontre les colonies de vacances et la politique publique des loisirs. Quel moniteur former ? Quel rôle donner aux jeux ou au « climat familial » pour édifier l’enfance heureuse ? L’ouvrage interroge une densité aujourd’hui oubliée, la dynamique initiée par les réformateurs sociaux pour ouvrir l’enseignement sur la vie. Il montre comment, en 1937, Éclaireurs, hygiénistes et enseignants rallient les maîtres pour former les moniteurs de colonies de vacances. Le livre en restitue la cristallisation lors des premiers stages des Centres d’entraînement aux méthodes d’éducation active (CEMEA). Le livre invite ainsi à repenser l’interaction entre l’école et sa périphérie.
540 _aOpenEdition Books License
_uhttps://www.openedition.org/12554
650 4 _aEducation & Educational Research
650 4 _aHistory
650 4 _apédagogie
650 4 _acolonie de vacances
650 4 _afamille
650 4 _ascolarité
650 4 _aéclaireur
760 0 _x2111-496X
776 _z978-2-7535-2175-9
856 4 _ePalluau, Nicolas
_uhttps://books.openedition.org/pur/135111
_yLa fabrique des pédagogues
999 _c11529
_d11529